Pengiraan berangka

Bibliographic Details
Main Author: Abdul Rahman Abdullah , 1951- (Author)
Format: Book
Published: Kuala Lumpur : Dewan Bahasa dan Pustaka , 1990
Subjects:

MARC

LEADER 00000cam a2200000 7i4500
001 0000003297
005 20201117093000.0
008 021118s1990
020 |a 9836212604 
090 0 0 |a QA297   |b .A23 
100 0 |a Abdul Rahman Abdullah ,   |d 1951- ,   |e author 
245 0 0 |a Pengiraan berangka   |c Abdul Rahman Abdullah 
260 2 |a Kuala Lumpur :   |b Dewan Bahasa dan Pustaka ,   |c 1990 
300 |a x, 388 p. ; ;   |c 22 cm. 
501 |a Includes index 
650 0 |a Mathematical analysis 
650 0 |a Numerical analysis 
999 |a 1000038446   |b Book   |c OPEN SHELF (30 DAYS)   |e Gong Badak Campus